[Event "DVM U12 2024"]
[Site "Heidelberg GER"]
[Date "2024.12.27"]
[Round "1"]
[White "Hagn, Tobias"]
[Black "Zhao, Yunsheng"]
[Result "0-1"]
[Termination "normal"]
[Board "1.2"]
[WhiteElo "1670"]
[BlackElo "1630"]
[WhiteClock "00:20:04"]
[BlackClock "00:30:05"]
[WhiteTeam "TV Tegernsee"]
[BlackTeam "SK Bad Homburg 1927"]
[PlyCount "188"]
[WhiteFideId "34623728"]
[BlackFideId "16299280"]
[EventCountry "GER"]
[EventRounds "7"]
[EventType "team-swiss"]
[EventDate "2024.12.26"]

1. e4 {[%clk 01:30:57]} {[%emt 00:00:02]} e5 {[%clk 01:30:55]} {[%emt
00:00:05]} 2. Nf3 {[%clk 01:31:20]} {[%emt 00:00:07]} Nc6 {[%clk 01:31:19]}
{[%emt 00:00:07]} 3. d4 {[%clk 01:31:42]} {[%emt 00:00:07]} exd4 {[%clk
01:31:45]} {[%emt 00:00:05]} 4. Nxd4 {[%clk 01:32:04]} {[%emt 00:00:08]} Qh4
{[%clk 01:31:56]} {[%emt 00:00:18]} 5. Nxc6 {[%clk 01:32:14]} {[%emt 00:00:21]}
Qxe4+ {[%clk 01:32:13]} {[%emt 00:00:13]} 6. Be2 {[%clk 01:32:28]} {[%emt
00:00:15]} dxc6 {[%clk 01:32:38]} {[%emt 00:00:05]} 7. O-O {[%clk 01:26:30]}
{[%emt 00:06:29]} Bd6 {[%clk 01:27:29]} {[%emt 00:05:39]} 8. Bf3 {[%emt
00:06:01]} Qh4 {[%clk 01:24:40]} 9. g3 {[%clk 01:24:12]} {[%emt 00:00:34]} Qf6
{[%clk 01:19:54]} {[%emt 00:05:17]} 10. Bg2 {[%clk 01:21:37]} {[%emt 00:03:04]}
Ne7 {[%clk 01:18:04]} {[%emt 00:02:21]} 11. Nc3 {[%clk 01:18:07]} {[%emt
00:04:01]} O-O {[%clk 01:14:59]} {[%emt 00:03:33]} 12. Ne4 {[%clk 01:16:12]}
{[%emt 00:02:25]} Qg6 {[%clk 01:13:25]} {[%emt 00:02:04]} 13. Re1 {[%clk
01:13:53]} {[%emt 00:02:48]} Nf5 {[%clk 01:05:50]} {[%emt 00:08:06]} 14. Qd3
{[%clk 00:58:55]} {[%emt 00:15:28]} Bd7 {[%clk 00:51:02]} {[%emt 00:15:18]} 15.
Bd2 {[%clk 00:51:31]} {[%emt 00:07:53]} Rad8 {[%clk 00:45:08]} {[%emt
00:06:24]} 16. Bc3 {[%clk 00:48:59]} {[%emt 00:03:02]} Be6 {[%clk 00:42:48]}
{[%emt 00:02:50]} 17. Rad1 {[%clk 00:46:35]} {[%emt 00:02:53]} Be7 {[%clk
00:41:28]} {[%emt 00:01:50]} 18. Qe2 {[%clk 00:46:16]} {[%emt 00:00:49]} Rfe8
{[%clk 00:31:53]} {[%emt 00:10:05]} 19. Bf3 {[%clk 00:41:59]} {[%emt 00:04:47]}
Bd5 {[%clk 00:26:16]} {[%emt 00:06:08]} 20. Nd2 {[%clk 00:29:46]} {[%emt
00:12:43]} Bxf3 {[%clk 00:25:22]} {[%emt 00:01:24]} 21. Nxf3 {[%clk 00:29:51]}
{[%emt 00:00:23]} Nd6 {[%clk 00:15:57]} {[%emt 00:09:57]} 22. Ne5 {[%clk
00:25:14]} {[%emt 00:05:06]} Qf5 {[%clk 00:12:18]} {[%emt 00:04:09]} 23. Nc4
{[%clk 00:21:35]} {[%emt 00:04:09]} h6 {[%clk 00:08:32]} {[%emt 00:04:16]} 24.
Ne3 {[%clk 00:19:52]} {[%emt 00:02:13]} Qg6 {[%clk 00:08:46]} {[%emt 00:00:15]}
25. Qf3 {[%clk 00:18:35]} {[%emt 00:01:48]} Nb5 {[%clk 00:05:55]} {[%emt
00:03:21]} 26. Nf5 {[%clk 00:18:10]} {[%emt 00:00:54]} Rxd1 {[%clk 00:04:14]}
{[%emt 00:02:12]} 27. Nxe7+ {[%clk 00:16:16]} {[%emt 00:02:25]} Rxe7 {[%clk
00:04:42]} {[%emt 00:00:02]} 28. Rxd1 {[%clk 00:16:08]} {[%emt 00:00:37]} Qxc2
{[%clk 00:04:37]} {[%emt 00:00:35]} 29. Rd8+ {[%clk 00:07:42]} {[%emt
00:08:57]} Kh7 {[%clk 00:05:03]} {[%emt 00:00:04]} 30. Qg4 {[%clk 00:07:48]}
{[%emt 00:00:23]} Qb1+ {[%clk 00:04:09]} {[%emt 00:01:24]} 31. Rd1 {[%clk
00:07:41]} {[%emt 00:00:36]} Qg6 {[%clk 00:04:31]} {[%emt 00:00:09]} 32. Qb4
{[%clk 00:06:54]} {[%emt 00:01:17]} Qe4 {[%clk 00:03:38]} {[%emt 00:01:23]} 33.
Re1 {[%clk 00:05:49]} {[%emt 00:01:34]} Qxb4 {[%clk 00:03:58]} {[%emt
00:00:10]} 34. Bxb4 {[%clk 00:06:09]} {[%emt 00:00:10]} Rxe1+ {[%clk 00:04:26]}
{[%emt 00:00:02]} 35. Bxe1 {[%clk 00:06:25]} {[%emt 00:00:13]} Kg6 {[%clk
00:04:24]} {[%emt 00:00:32]} 36. f3 {[%clk 00:06:11]} {[%emt 00:00:45]} Kf5
{[%clk 00:03:22]} {[%emt 00:01:32]} 37. Kf2 {[%clk 00:06:18]} {[%emt 00:00:23]}
Nd6 {[%clk 00:02:43]} {[%emt 00:01:09]} 38. b3 {[%clk 00:06:07]} {[%emt
00:00:41]} Nb5 {[%clk 00:02:45]} {[%emt 00:00:28]} 39. Ke3 {[%clk 00:06:09]}
{[%emt 00:00:27]} Ke5 {[%clk 00:02:51]} {[%emt 00:00:25]} 40. Bb4 {[%clk
00:05:52]} {[%emt 00:00:47]} g6 {[%clk 00:03:05]} {[%emt 00:00:17]} 41. Kd3
{[%clk 00:05:27]} {[%emt 00:00:54]} Kd5 {[%clk 00:03:15]} {[%emt 00:00:20]} 42.
Bf8 {[%clk 00:04:45]} {[%emt 00:01:12]} h5 {[%clk 00:03:38]} {[%emt 00:00:07]}
43. g4 {[%clk 00:04:47]} {[%emt 00:00:28]} Nd4 {[%clk 00:02:56]} {[%emt
00:01:12]} 44. Ke3 {[%clk 00:04:46]} {[%emt 00:00:31]} Ne6 {[%clk 00:02:44]}
{[%emt 00:00:42]} 45. Be7 {[%clk 00:04:10]} {[%emt 00:01:06]} c5 {[%clk
00:02:53]} {[%emt 00:00:22]} 46. h3 {[%clk 00:00:38]} {[%emt 00:04:00]} f5
{[%clk 00:03:02]} {[%emt 00:00:21]} 47. Bf6 {[%clk 00:29:48]} {[%emt 00:01:19]}
b5 {[%emt 00:02:54]} 48. Bb2 {[%clk 00:28:10]} {[%emt 00:00:17]} c4 {[%clk
00:32:08]} {[%emt 00:00:53]} 49. b4 {[%clk 00:28:01]} {[%emt 00:00:39]} c5
{[%clk 00:31:08]} {[%emt 00:01:30]} 50. a3 {[%clk 00:28:05]} {[%emt 00:00:27]}
cxb4 {[%clk 00:30:56]} {[%emt 00:00:42]} 51. axb4 {[%clk 00:28:11]} {[%emt
00:00:23]} Kc6 {[%clk 00:28:00]} {[%emt 00:03:26]} 52. Bc3 {[%clk 00:27:34]}
{[%emt 00:01:07]} Kd5 {[%clk 00:23:54]} {[%emt 00:04:36]} 53. Bf6 {[%clk
00:25:04]} {[%emt 00:03:00]} f4+ {[%clk 00:23:34]} {[%emt 00:00:50]} 54. Kf2
{[%clk 00:24:05]} {[%emt 00:01:29]} Nd4 {[%clk 00:23:27]} {[%emt 00:00:38]} 55.
Bg5 {[%clk 00:20:20]} {[%emt 00:04:14]} Ke5 {[%clk 00:22:01]} {[%emt 00:01:56]}
56. Bh6 {[%clk 00:20:30]} {[%emt 00:00:19]} Nc6 {[%clk 00:22:00]} {[%emt
00:00:32]} 57. Bg7+ {[%clk 00:20:52]} {[%emt 00:00:07]} Kd5 {[%clk 00:22:24]}
{[%emt 00:00:08]} 58. Bc3 {[%clk 00:21:10]} {[%emt 00:00:11]} Kd6 {[%clk
00:21:15]} {[%emt 00:01:39]} 59. Bd2 {[%clk 00:20:44]} {[%emt 00:00:57]} Kd7
{[%clk 00:19:46]} {[%emt 00:02:00]} 60. Bc3 {[%clk 00:15:52]} {[%emt 00:05:21]}
Kc7 {[%clk 00:18:51]} {[%emt 00:01:25]} 61. Bd2 {[%clk 00:16:05]} {[%emt
00:00:17]} Kb6 {[%clk 00:18:49]} {[%emt 00:00:32]} 62. Bxf4 {[%clk 00:15:54]}
{[%emt 00:00:41]} Nxb4 {[%clk 00:19:17]} {[%emt 00:00:03]} 63. Be3+ {[%clk
00:16:11]} {[%emt 00:00:13]} Kb7 {[%clk 00:19:30]} {[%emt 00:00:17]} 64. Bd2
{[%clk 00:16:13]} {[%emt 00:00:27]} Nd5 {[%clk 00:19:32]} {[%emt 00:00:28]} 65.
f4 {[%emt 00:00:25]} hxg4 {[%emt 00:00:27]} 66. hxg4 {[%clk 00:15:41]} {[%emt
00:00:10]} c3 {[%clk 00:19:52]} {[%emt 00:00:10]} 67. Bc1 {[%clk 00:13:43]}
{[%emt 00:02:28]} b4 {[%clk 00:19:52]} {[%emt 00:00:31]} 68. Ke2 {[%clk
00:12:51]} {[%emt 00:01:21]} b3 {[%clk 00:20:05]} {[%emt 00:00:17]} 69. Kd1
{[%clk 00:12:46]} {[%emt 00:00:36]} b2 {[%clk 00:20:09]} {[%emt 00:00:27]} 70.
Bxb2 {[%clk 00:13:01]} {[%emt 00:00:14]} cxb2 {[%clk 00:20:37]} {[%emt
00:00:02]} 71. Kc2 {[%clk 00:13:19]} {[%emt 00:00:12]} Nxf4 {[%clk 00:21:02]}
{[%emt 00:00:05]} 72. Kxb2 {[%clk 00:13:32]} {[%emt 00:00:16]} Nd3+ {[%clk
00:21:27]} {[%emt 00:00:05]} 73. Kc2 {[%clk 00:13:26]} {[%emt 00:00:37]} Nf2
{[%clk 00:21:50]} {[%emt 00:00:07]} 74. g5 {[%emt 00:00:19]} Ne4 {[%emt
00:00:18]} 75. Kd3 {[%clk 00:13:19]} Nxg5 {[%clk 00:22:15]} {[%emt 00:00:05]}
76. Ke3 {[%clk 00:13:41]} {[%emt 00:00:08]} a5 {[%clk 00:22:41]} {[%emt
00:00:04]} 77. Kf4 {[%clk 00:14:01]} {[%emt 00:00:10]} a4 {[%clk 00:23:07]}
{[%emt 00:00:04]} 78. Kxg5 {[%clk 00:14:17]} {[%emt 00:00:13]} a3 {[%clk
00:23:32]} {[%emt 00:00:06]} 79. Kxg6 {[%clk 00:14:36]} {[%emt 00:00:10]} a2
{[%clk 00:23:58]} {[%emt 00:00:04]} 80. Kf5 {[%clk 00:14:58]} {[%emt 00:00:08]}
a1=Q {[%emt 00:00:07]} 81. Ke4 {[%clk 00:15:18]} {[%emt 00:00:08]} Qd1 {[%clk
00:24:47]} {[%emt 00:00:06]} 82. Ke5 {[%clk 00:15:39]} {[%emt 00:00:10]} Qd3
{[%clk 00:25:11]} {[%emt 00:00:05]} 83. Ke6 {[%clk 00:16:00]} {[%emt 00:00:09]}
Qd4 {[%clk 00:25:27]} {[%emt 00:00:14]} 84. Kf5 {[%clk 00:16:24]} {[%emt
00:00:06]} Qe3 {[%clk 00:25:50]} {[%emt 00:00:07]} 85. Kf6 {[%clk 00:16:48]}
{[%emt 00:00:06]} Qe4 {[%clk 00:26:14]} {[%emt 00:00:06]} 86. Kf7 {[%clk
00:17:10]} {[%emt 00:00:07]} Qe5 {[%clk 00:26:39]} {[%emt 00:00:05]} 87. Kg6
{[%clk 00:17:33]} {[%emt 00:00:07]} Qf4 {[%clk 00:27:06]} {[%emt 00:00:04]} 88.
Kg7 {[%clk 00:17:55]} {[%emt 00:00:09]} Qf5 {[%clk 00:27:27]} {[%emt 00:00:08]}
89. Kg8 {[%clk 00:18:14]} {[%emt 00:00:11]} Qd7 {[%clk 00:27:53]} {[%emt
00:00:04]} 90. Kf8 {[%clk 00:18:35]} {[%emt 00:00:09]} Kc6 {[%clk 00:28:20]}
{[%emt 00:00:04]} 91. Kg8 {[%clk 00:18:58]} {[%emt 00:00:07]} Kd6 {[%clk
00:28:45]} {[%emt 00:00:05]} 92. Kf8 {[%clk 00:19:19]} {[%emt 00:00:09]} Ke6
{[%clk 00:29:09]} {[%emt 00:00:06]} 93. Kg8 {[%clk 00:19:42]} {[%emt 00:00:06]}
Kf6 {[%clk 00:29:36]} {[%emt 00:00:03]} 94. Kh8 {[%clk 00:20:04]} {[%emt
00:00:08]} Qg7# {[%clk 00:30:05]} {[%emt 00:00:01]} 0-1

[Event "DVM U12 2024"]
[Site "Heidelberg GER"]
[Date "2024.12.27"]
[Round "1"]
[White "Kesavan, Sarvesh"]
[Black "Serwane, Ruben"]
[Result "1/2-1/2"]
[Termination "normal"]
[Board "1.3"]
[WhiteElo "1721"]
[BlackElo "1799"]
[WhiteClock "00:15:13"]
[BlackClock "00:28:23"]
[WhiteTeam "SK Bad Homburg 1927"]
[BlackTeam "TV Tegernsee"]
[PlyCount "61"]
[WhiteFideId "34648160"]
[BlackFideId "34660232"]
[EventCountry "GER"]
[EventRounds "7"]
[EventType "team-swiss"]
[EventDate "2024.12.26"]

1. e4 {[%clk 01:30:47]} {[%emt 00:00:12]} e5 {[%clk 01:30:53]} {[%emt
00:00:09]} 2. Nf3 {[%clk 01:31:04]} {[%emt 00:00:12]} Nc6 {[%clk 01:31:09]}
{[%emt 00:00:14]} 3. Bc4 {[%clk 01:31:05]} {[%emt 00:00:28]} Bc5 {[%clk
01:31:04]} {[%emt 00:00:36]} 4. c3 {[%clk 01:30:08]} {[%emt 00:01:28]} Nf6
{[%clk 01:30:51]} {[%emt 00:00:42]} 5. d3 {[%clk 01:29:55]} {[%emt 00:00:44]}
a6 {[%clk 01:30:22]} {[%emt 00:00:59]} 6. a4 {[%clk 01:29:29]} {[%emt
00:00:55]} h6 {[%clk 01:29:20]} {[%emt 00:01:32]} 7. O-O {[%clk 01:27:17]}
{[%emt 00:02:42]} d6 {[%clk 01:26:58]} {[%emt 00:02:53]} 8. Re1 {[%clk
01:24:16]} {[%emt 00:03:30]} O-O {[%clk 01:23:21]} {[%emt 00:04:08]} 9. h3
{[%clk 01:22:45]} {[%emt 00:02:00]} a5 {[%clk 01:20:43]} {[%emt 00:03:09]} 10.
Nbd2 {[%clk 01:21:36]} {[%emt 00:01:39]} Nd7 {[%clk 01:10:22]} {[%emt
00:10:52]} 11. Nf1 {[%clk 01:18:52]} {[%emt 00:03:12]} Nb6 {[%clk 01:08:58]}
{[%emt 00:01:55]} 12. Ba2 {[%clk 01:14:14]} {[%emt 00:05:07]} Qf6 {[%clk
01:04:50]} {[%emt 00:04:38]} 13. Be3 {[%clk 01:09:16]} {[%emt 00:05:28]} Bxe3
{[%clk 01:03:08]} {[%emt 00:02:13]} 14. Nxe3 {[%clk 01:08:48]} {[%emt
00:00:58]} Be6 {[%clk 01:00:54]} {[%emt 00:02:44]} 15. Qd2 {[%clk 00:49:09]}
{[%emt 00:20:09]} Bxh3 {[%clk 00:58:24]} {[%emt 00:02:59]} 16. gxh3 {[%clk
00:47:03]} {[%emt 00:02:37]} Qxf3 {[%clk 00:58:36]} {[%emt 00:00:17]} 17. Kh2
{[%clk 00:46:54]} {[%emt 00:00:38]} Qf4+ {[%clk 00:56:50]} {[%emt 00:02:17]}
18. Kh1 {[%clk 00:45:19]} {[%emt 00:02:03]} Ne7 {[%clk 00:56:17]} {[%emt
00:01:03]} 19. Rg1 {[%clk 00:45:10]} {[%emt 00:00:37]} Kh7 {[%clk 00:55:36]}
{[%emt 00:01:13]} 20. Rg4 {[%clk 00:45:00]} {[%emt 00:00:37]} Qf3+ {[%clk
00:55:01]} {[%emt 00:01:08]} 21. Kh2 {[%clk 00:44:01]} {[%emt 00:01:28]} d5
{[%clk 00:43:25]} {[%emt 00:12:07]} 22. Rag1 {[%clk 00:37:25]} {[%emt
00:07:06]} g6 {[%clk 00:41:45]} {[%emt 00:02:12]} 23. R1g3 {[%clk 00:34:33]}
{[%emt 00:03:20]} Qf6 {[%clk 00:41:12]} {[%emt 00:01:03]} 24. Nxd5 {[%clk
00:31:57]} {[%emt 00:03:07]} Nexd5 {[%clk 00:38:17]} {[%emt 00:03:24]} 25. exd5
{[%clk 00:29:07]} {[%emt 00:03:21]} Nc8 {[%clk 00:32:48]} {[%emt 00:06:00]} 26.
d4 {[%clk 00:26:50]} {[%emt 00:02:46]} Nd6 {[%clk 00:31:11]} {[%emt 00:02:07]}
27. dxe5 {[%clk 00:25:09]} {[%emt 00:02:11]} Qxe5 {[%clk 00:31:25]} {[%emt
00:00:15]} 28. Bb1 {[%clk 00:22:23]} {[%emt 00:03:16]} Nf5 {[%clk 00:29:27]}
{[%emt 00:02:28]} 29. Bxf5 {[%clk 00:21:30]} {[%emt 00:01:23]} Qxf5 {[%clk
00:29:29]} {[%emt 00:00:28]} 30. Rh4 {[%clk 00:20:10]} {[%emt 00:01:47]} h5
{[%clk 00:28:23]} {[%emt 00:01:39]} 31. Rf4 {[%clk 00:15:13]} {[%emt 00:06:07]}
1/2-1/2

[Event "DVM U12 2024"]
[Site "Heidelberg GER"]
[Date "2024.12.27"]
[Round "1"]
[White "Merle, Atreyu Lukas"]
[Black "Capurro, Mateo"]
[Result "1-0"]
[Termination "normal"]
[Board "1.4"]
[WhiteElo "1380"]
[BlackElo "956"]
[WhiteClock "00:51:37"]
[BlackClock "00:20:32"]
[WhiteTeam "TV Tegernsee"]
[BlackTeam "SK Bad Homburg 1927"]
[PlyCount "101"]
[WhiteFideId "34670033"]
[EventCountry "GER"]
[EventRounds "7"]
[EventType "team-swiss"]
[EventDate "2024.12.26"]

1. e4 {[%clk 01:30:57]} {[%emt 00:00:03]} e5 {[%clk 01:30:52]} {[%emt
00:00:08]} 2. Nf3 {[%clk 01:31:20]} {[%emt 00:00:07]} Nc6 {[%clk 01:31:15]}
{[%emt 00:00:08]} 3. Bc4 {[%clk 01:31:33]} {[%emt 00:00:17]} Bc5 {[%clk
01:31:26]} {[%emt 00:00:19]} 4. c3 {[%clk 01:31:49]} {[%emt 00:00:15]} Nf6
{[%clk 01:31:48]} {[%emt 00:00:08]} 5. d4 {[%clk 01:32:10]} {[%emt 00:00:08]}
exd4 {[%clk 01:31:47]} {[%emt 00:00:07]} 6. cxd4 {[%clk 01:32:34]} {[%emt
00:00:30]} Bb4+ {[%clk 01:32:10]} {[%emt 00:00:07]} 7. Nc3 {[%clk 01:32:47]}
{[%emt 00:00:16]} d5 {[%clk 01:31:39]} {[%emt 00:01:01]} 8. exd5 {[%clk
01:30:55]} {[%emt 00:02:22]} Nxd5 {[%clk 01:31:11]} {[%emt 00:00:58]} 9. Qe2+
{[%clk 01:29:30]} {[%emt 00:01:54]} Be6 {[%clk 01:29:31]} {[%emt 00:02:11]} 10.
Bxd5 {[%clk 01:28:53]} {[%emt 00:01:06]} Qxd5 {[%clk 01:28:46]} {[%emt
00:01:15]} 11. O-O {[%clk 01:25:14]} {[%emt 00:04:10]} Bxc3 {[%clk 01:27:56]}
{[%emt 00:01:21]} 12. bxc3 {[%clk 01:24:42]} {[%emt 00:01:01]} O-O {[%clk
01:27:24]} {[%emt 00:01:02]} 13. Ba3 {[%clk 01:21:40]} {[%emt 00:03:32]} Rfd8
{[%clk 01:22:23]} {[%emt 00:05:30]} 14. Qd2 {[%clk 01:18:01]} {[%emt 00:04:08]}
Re8 {[%clk 01:14:21]} {[%emt 00:08:33]} 15. Rfe1 {[%clk 01:17:42]} {[%emt
00:00:48]} Rad8 {[%clk 01:08:48]} {[%emt 00:06:03]} 16. Qc2 {[%clk 01:13:20]}
{[%emt 00:04:51]} Bf5 {[%clk 01:02:11]} {[%emt 00:07:08]} 17. Qb2 {[%clk
01:12:02]} {[%emt 00:01:48]} Na5 {[%clk 00:59:53]} {[%emt 00:02:42]} 18. Ne5
{[%clk 01:10:30]} {[%emt 00:02:07]} Be4 {[%clk 00:58:52]} {[%emt 00:01:31]} 19.
f3 {[%clk 01:05:33]} {[%emt 00:05:27]} Bf5 {[%clk 00:55:54]} {[%emt 00:03:26]}
20. Qb4 {[%clk 01:03:34]} {[%emt 00:02:31]} b6 {[%clk 00:50:33]} {[%emt
00:05:52]} 21. Rac1 {[%clk 00:58:12]} {[%emt 00:05:51]} c5 {[%clk 00:46:54]}
{[%emt 00:04:10]} 22. Qb2 {[%clk 00:51:34]} {[%emt 00:07:08]} cxd4 {[%clk
00:39:58]} {[%emt 00:07:26]} 23. cxd4 {[%clk 00:51:12]} {[%emt 00:00:52]} f6
{[%clk 00:38:02]} {[%emt 00:02:26]} 24. Ng4 {[%clk 00:50:49]} {[%emt 00:00:53]}
Rxe1+ {[%clk 00:35:46]} {[%emt 00:02:47]} 25. Rxe1 {[%clk 00:50:47]} {[%emt
00:00:31]} Bxg4 {[%clk 00:35:50]} {[%emt 00:00:26]} 26. fxg4 {[%clk 00:50:45]}
{[%emt 00:00:31]} Qxd4+ {[%clk 00:35:05]} {[%emt 00:01:15]} 27. Qxd4 {[%clk
00:50:53]} {[%emt 00:00:23]} Rxd4 {[%clk 00:35:27]} {[%emt 00:00:09]} 28. Re8+
{[%clk 00:51:00]} {[%emt 00:00:23]} Kf7 {[%clk 00:35:38]} {[%emt 00:00:18]} 29.
Re7+ {[%clk 00:51:13]} {[%emt 00:00:18]} Kg6 {[%clk 00:35:31]} {[%emt
00:00:37]} 30. Rxa7 {[%clk 00:51:02]} {[%emt 00:00:41]} Rd1+ {[%clk 00:32:14]}
{[%emt 00:03:45]} 31. Kf2 {[%clk 00:51:14]} {[%emt 00:00:19]} Rd2+ {[%clk
00:32:19]} {[%emt 00:00:24]} 32. Kf1 {[%clk 00:49:53]} {[%emt 00:01:49]} Nc4
{[%clk 00:30:18]} {[%emt 00:02:33]} 33. Bf8 {[%clk 00:49:34]} {[%emt 00:00:50]}
Ne3+ {[%clk 00:28:58]} {[%emt 00:01:51]} 34. Ke1 {[%clk 00:49:15]} {[%emt
00:00:48]} Rd1+ {[%clk 00:23:04]} {[%emt 00:06:25]} 35. Ke2 {[%clk 00:49:31]}
{[%emt 00:00:13]} Kg5 {[%clk 00:21:36]} {[%emt 00:01:59]} 36. Rxg7+ {[%clk
00:49:09]} {[%emt 00:00:52]} Kf4 {[%clk 00:21:16]} {[%emt 00:00:49]} 37. g3+
{[%clk 00:48:14]} {[%emt 00:01:26]} Ke4 {[%clk 00:21:34]} {[%emt 00:00:12]} 38.
Re7+ {[%clk 00:48:23]} {[%emt 00:00:21]} Kd4 {[%clk 00:21:55]} {[%emt
00:00:08]} 39. Rd7+ {[%clk 00:48:42]} {[%emt 00:00:12]} Kc3 {[%clk 00:22:01]}
{[%emt 00:00:24]} 40. Rxd1 {[%clk 00:48:59]} {[%emt 00:00:13]} Nxd1 {[%clk
00:22:27]} {[%emt 00:00:04]} 41. Kxd1 {[%clk 00:49:19]} {[%emt 00:00:10]} Kb2
{[%clk 00:22:15]} {[%emt 00:00:41]} 42. Bg7 {[%clk 00:49:33]} {[%emt 00:00:17]}
Kxa2 {[%emt 00:00:14]} 43. Bxf6 {[%emt 00:00:07]} b5 {[%clk 00:22:15]} {[%emt
00:00:09]} 44. h4 {[%clk 00:49:48]} {[%emt 00:00:14]} b4 {[%clk 00:22:22]}
{[%emt 00:00:24]} 45. g5 {[%clk 00:50:08]} {[%emt 00:00:10]} b3 {[%clk
00:22:48]} {[%emt 00:00:04]} 46. Kc1 {[%clk 00:50:31]} {[%emt 00:00:07]} Ka3
{[%clk 00:23:11]} {[%emt 00:00:08]} 47. h5 {[%clk 00:50:51]} {[%emt 00:00:09]}
Kb4 {[%clk 00:21:49]} {[%emt 00:01:52]} 48. g6 {[%clk 00:51:07]} {[%emt
00:00:13]} hxg6 {[%clk 00:20:32]} {[%emt 00:01:29]} 49. hxg6 {[%clk 00:51:27]}
Ka4 {[%clk 00:20:32]} 50. g7 {[%clk 00:51:27]} {[%emt 00:00:29]} Ka3 {[%emt
00:00:30]} 51. g8=Q {[%clk 00:51:37]} {[%emt 00:00:13]} 1-0